| 000 | 03647aam a2200325 i 4500 | ||
|---|---|---|---|
| 999 |
_c46986 _d46986 |
||
| 001 | 768714001 | ||
| 003 | CO-MdFUSB | ||
| 005 | 20200528123820.0 | ||
| 007 | ta | ||
| 008 | 160826t1975 enk||||f |||| 00| 0 eng d | ||
| 020 | _a052120464X | ||
| 040 |
_aCO-MdFUSB _bEspañol _cCO-MdFUSB _dCO-MdFUSB _erda |
||
| 041 | _aeng | ||
| 082 |
_224 _a262.8 _bSC396p |
||
| 100 | 1 |
_aSchütz, John Howard _dautor |
|
| 245 | 0 | 0 |
_aPaul and the anatomy of apostolic authority _c/ John Howard Schütz |
| 264 | 1 |
_aCambridge, Inglaterra : _bCambridge University Press, _c[1975] |
|
| 264 | 4 | _c© 1975 | |
| 300 |
_a307 páginas _c; 23 cm |
||
| 336 |
_2rdacontent _atexto _btxt |
||
| 337 |
_2rdamedia _asin mediación _bn |
||
| 338 |
_2rdacarrier _avolumen _bnc |
||
| 505 | _aAutoridad y legitimidad - Introducción - Autoridad apostólica y legitimidad apostólica - ¿Qué es la autoridad? -- Autoridad legitimidad. -- Santidad, cambio y orden social -Conclusión. -- Autoridad apostólica en retrospectiva. -- El evangelio, el kerygma y el apóstol - El apóstol y el evangelio. -- El problema del contenido. -- Apéndice El evangelio y la tradición: 1 Corintios 15 - 5. Tradición, evangelio y el ego apostólico: Gálatas 1 y 2 - El prescrito, Gálatas 1: 1-5 - El carácter normativo del evangelio, Gálatas 1: 6-9 - Los opositores en las iglesias de Galacia - Gálatas 1: 10-12 - 'Revelación' - Gálatas 1: 13-17 - Gálatas 1: 8-2: 10 -Gálatas 2: 11-21 -6. El carácter normativo del evangelio: Filipenses y II Corintios. Introducción -Filipenses 1: 15 - 2 Corintios 2: 14-7: 4 y cap. 10-13 - 7. La cruz como símbolo de poder: 1 Corintios 1: 10-4: 21 - 8. La retórica de la autoridad apostólica: La tarea apostólica. -- El apóstol y Cristo. -- Construir - La imitación de Pablo y Cristo - Conclusiones. -- La forma de la autoridad apostólica: El alarde apostólico de Pablo. -- La debilidad y el poder del apóstol: Carisma y control: la sociología de la autoridad apostólica - Introducción - El apóstol como carismático. -- Carisma y autoridad - Carisma y organización social - Conclusiones. -- Conclusiones. | ||
| 505 | 0 | 0 | _a1. Authority and legitimacy -- Introduction -- Apostolic authority and apostolic legitimacy -- What is authority -- Authority and legitimacy -- Sanctity, change and social order -- Conclusion -- 2. Apostolic authority in retrospect -- 3. The gospel, the kerygmaand the apostle -- The apostle and the gospel -- The problem of content -- Appendix -- 4. The gospel and tradition: 1 Corinthians 15 -- 5. Tradition, gospel and the apostolic ego: Galatians 1 and 2 -- The prescript, Galatians 1:1-5 -- The normative character of the gospel, Galatians 1:6-9 -- The opponents in the Galatian churches -- Galatians 1:10-12 -- 'Revelation' -- Galatians 1:13-17 -- Galatians 1:8-2:10 -- Galatians 2:11-21 -- 6. the normative character of the gospel: Philippians and II Corinthians --Introduction -- Philippians 1:15f -- II Corinthians 2:14-7:4 and chs. 10-13 -- 7. The cross as a symbol of power: 1 Corinthians 1:10-4:21 -- 8. The rhetoric of apostolic authority -- The apostolic task -- The apostle and Christ -- Building up -- The imitation of paul and Christ -- Conclusions -- The shape of apostolic authority -- Paul's apostolic boast -- The apostle's weakness and power -- 9. Charisma and control: the sociology of apostolic authority -- Introduction -- The apostle as a charismatic -- Charisma and authority -- Charisma and social organization -- Conclusions -- 10. Conclusions. |
| 563 | _aPasta dura | ||
| 630 | 0 | 7 |
_aBiblia. _pNuevo Testamento |
| 942 | _cBK | ||
| 945 | _aJTF-925 | ||